| 000 | 00592nam a2200229 a 4500 | ||
|---|---|---|---|
| 001 | BRCA_7142 | ||
| 005 | 20190320205728.0 | ||
| 008 | 110112s1913----sp-#######---#000-0#spa-# | ||
| 041 | _aspa | ||
| 044 | _asp | ||
| 050 | 4 |
_aPQ7389 .B7 _bA48 1913 |
|
| 100 | 1 |
_aBobadilla, Emilio _d1862-1921 _917731 |
|
| 245 | 1 | 0 |
_aA fuego lento _cEmilio Bobadilla (Fray Candil). |
| 250 | _a2a. ed. | ||
| 260 |
_aMadrid _bRenacimiento _c1913 |
||
| 300 |
_a308 p. _c19 cm. |
||
| 440 | 0 |
_aBiblioteca popular _917732 |
|
| 500 | _aP33 | ||
| 650 | 1 | 4 |
_aLiteratura cubana _917733 |
| 902 | _aGFM | ||
| 942 |
_2lcc _cB |
||
| 999 |
_c6823 _d6823 |
||